| 000 | 00576nam a22001817a 4500 | ||
|---|---|---|---|
| 005 | 20260205105828.0 | ||
| 008 | 260205b |||||||| |||| 00| 0 eng d | ||
| 020 | _a978-1-84901-878-4 | ||
| 050 | _aBF 575 .W 8 K 46 2014 | ||
| 100 | _aKENNERLEY HELEN | ||
| 245 | _aOVERCOMING ANXIETY: A SELF-HELP GUIDE TO USING COGNITIVE BEHAVIORAL TECHNIQUES | ||
| 250 | _a2 | ||
| 260 |
_aLONDON, _bROBINSON PUBLISHING LTD, _c1997, |
||
| 300 | _aXVi, 399 P, ILL | ||
| 500 | _aINCLUDES BIBLIOGRAPHICAL REFERENCES AND INDEX | ||
| 650 | _a1. WORRY 2. FEAR 3. ANXIETY | ||
| 942 |
_2lcc _cBK |
||
| 999 |
_c216553 _d216553 |
||